000 00422nam a2200133Ia 4500
008 220204s9999 xx 000 0 und d
082 _a634.614:631.543(595)
_bBEV
100 _aBEVAN, J W L
245 0 _aOrganisation and control of field practice for large scale oil palm plantings in Malaysia.
260 _aKuala Lumpur
_bInc Soc of Planters
_c1969
650 _aOil palm planting
700 _aGRAY, B S
942 _cBK
999 _c34251
_d34251